Vista normal Vista MARC

Entrada Materia (título de una obra)

Número de registros utilizados en: 1

001 - CONTROL NUMBER

  • control field: 58024

003 - CONTROL NUMBER IDENTIFIER

  • control field: Co-BoUCM

005 - DATE AND TIME OF LATEST TRANSACTION

  • control field: 20140306163202.0

008 - FIXED-LENGTH DATA ELEMENTS

  • fixed length control field: 140306|| aca||aabn | a|a d

040 ## - CATALOGING SOURCE

  • Original cataloging agency: Co-BoUCM
  • Transcribing agency: Co-BoUCM

130 ## - HEADING--UNIFORM TITLE

  • Uniform title: Moby dick
  • General subdivision: Adaptaciones cinematográficas
  • Form subdivision: DVD

670 ## - SOURCE DATA FOUND

  • Source citation: Work cat.: (Co-BoUCM)240017: Moby dick, 2007